| 000 | 00551nam a2200169 a 4500 | ||
|---|---|---|---|
| 001 | 000026842 | ||
| 005 | 20200930030438.0 | ||
| 008 | 110325s1979 dr 000 0 spa d | ||
| 040 |
_aDO-SdBNP _bspa _cBNPHU |
||
| 082 |
_axxx _bR299d |
||
| 110 |
_aRepública Dominicana. _bOficina Nacional de Administración de Personal _98441 |
||
| 245 | 1 | 0 | _aManual de cargos clasificados y tabla de sueldos. |
| 260 |
_aSanto Domingo : _bONAP, _c1979. |
||
| 300 |
_a[204 p.] ; _c28 cmp. |
||
| 710 | 1 |
_aOficina Nacional de Transporte Terrestre. _953962 |
|
| 049 | _aBNPD | ||
| 999 |
_c26334 _d26334 |
||